Observaciones sobre el proyecto de ley de Minas pendiente de la aprobación del Congreso. (Record no. 179766)

MARC details
000 -LEADER
campo de control de longitud fija 00556nam a2200157 i 4500
001 - NÚMERO DE CONTROL
campo de control 179766
003 - IDENTIFICADOR DE NÚMERO DE CONTROL
campo de control ES-MaACL
005 - FECHA Y HORA DE LA ÚLTIMA TRANSACCIÓN
campo de control 20230906220911.0
008 - DATOS DE LONGITUD FIJA--INFORMACIÓN GENERAL
campo de control de longitud fija 120119s1859 sp |||| | spa d
245 00 - MENCIÓN DEL TÍTULO
Título Observaciones sobre el proyecto de ley de Minas pendiente de la aprobación del Congreso.
260 ## - PUBLICACIÓN, DISTRIBUCIÓN, ETC.
Lugar de publicación, distribución, etc. Madrid :
Nombre del editor, distribuidor, etc. [s.n.],
Fecha de publicación, distribución, etc. 1859.
300 ## - DESCRIPCIÓN FÍSICA
Extensión 38 p. ;
Dimensiones 22 cm.
500 ## - NOTA GENERAL
Nota general En port.: (Tomado del número 210 de la Revista Minera)
650 ## - PUNTO DE ACCESO ADICIONAL DE MATERIA--TÉRMINO DE MATERIA
Término de materia o nombre geográfico como elemento de entrada Minas-
Subdivisión general Derecho y legislación-
Subdivisión geográfica España.
9 (RLIN) 175982
852 ## - LOCALIZACIÓN
Ubicación ES-MaACL
Número de control de estantería T-1292-F-2
Nota libre .- Donativo Bosch
Holdings
Estatus retirado Estado de pérdida Estado de daño No para préstamo Colección Biblioteca de origen Biblioteca actual Ubicación en estantería Fecha de adquisición Fuente de adquisición Total de préstamos Signatura topográfica completa Código de barras Visto por última vez Precio de reemplazo Tipo de ítem Koha
        Colección de folletos Biblioteca del Ateneo de Madrid Biblioteca del Ateneo de Madrid Depósito folletos 19/01/2012     T-1292-F-2 1188852 23/02/2023 23/02/2023 Folleto